000
00292nam a2200145Ia 4500
100
_a
Silberschatz/Abraham/ Galvin/ P.B.
250
_a
8
942
_c
BK
366
_f
25
245
_a
Operating system
260
_b
Wiley India
_c
2010
300
_a
972
546
_a
ENGLISH
999
_c
23385
_d
23385